[Event "Portugal Open 2018"]
[Site "Lisboa POR"]
[Date "2018.02.06"]
[Round "5.19"]
[White "Arizmendi Martinez, Julen Luis"]
[Black "Colijn, Stefan"]
[Result "1-0"]
[BlackElo "2311"]
[WhiteElo "2508"]
[LiveChessVersion "1.4.8"]

1. e4 {[%clk 1:27:15]} e5 {[%clk 1:30:39]} 2. Nf3 {[%clk 1:27:15]} Nc6
{[%clk 1:31:01]} 3. Bc4 {[%clk 1:20:47]} Nf6 {[%clk 1:30:48]} 4. d3
{[%clk 1:21:02]} Bc5 {[%clk 1:31:10]} 5. O-O {[%clk 1:15:22]} d6 {[%clk 1:30:26]}
6. c3 {[%clk 1:15:31]} O-O {[%clk 1:23:03]} 7. Bb3 {[%clk 1:14:16]} a6
{[%clk 1:08:18]} 8. h3 {[%clk 1:00:08]} Ba7 {[%clk 1:05:55]} 9. Re1
{[%clk 0:59:20]} Ne7 {[%clk 0:46:13]} 10. Nbd2 {[%clk 0:51:14]} Ng6
{[%clk 0:42:52]} 11. Nf1 {[%clk 0:51:19]} h6 {[%clk 0:39:15]} 12. Ng3
{[%clk 0:48:25]} Re8 {[%clk 0:39:18]} 13. d4 {[%clk 0:47:52]} c6 {[%clk 0:38:54]}
14. Be3 {[%clk 0:43:56]} Qc7 {[%clk 0:28:59]} 15. Qc2 {[%clk 0:30:45]} Be6
{[%clk 0:22:09]} 16. Bxe6 {[%clk 0:30:12]} Rxe6 {[%clk 0:22:34]} 17. Rad1
{[%clk 0:30:02]} Ree8 {[%clk 0:20:51]} 18. c4 {[%clk 0:15:23]} c5
{[%clk 0:10:43]} 19. d5 {[%clk 0:14:42]} Bb6 {[%clk 0:10:45]} 20. Nf5
{[%clk 0:14:08]} Ne7 {[%clk 0:10:40]} 21. N3h4 {[%clk 0:12:42]} Kh7
{[%clk 0:10:08]} 22. Nxe7 {[%clk 0:11:04]} Qxe7 {[%clk 0:10:16]} 23. Nf5
{[%clk 0:11:20]} Qf8 {[%clk 0:10:36]} 24. b4 {[%clk 0:09:07]} Nd7
{[%clk 0:09:38]} 25. Rb1 {[%clk 0:09:11]} Rab8 {[%clk 0:09:12]} 26. Qa4
{[%clk 0:08:02]} Red8 {[%clk 0:09:22]} 27. a3 {[%clk 0:03:58]} g6
{[%clk 0:04:41]} 28. Nxh6 {[%clk 0:01:50]} cxb4 {[%clk 0:04:58]} 29. Bxb6
{[%clk 0:01:39]} Nxb6 {[%clk 0:05:26]} 30. Qxb4 {[%clk 0:02:02]} Nxd5
{[%clk 0:04:46]} 31. cxd5 {[%clk 0:01:03]} Qxh6 {[%clk 0:02:37]} 32. Re3
{[%clk 0:00:52]} Kg7 {[%clk 0:01:37]} 33. Qb6 {[%clk 0:00:40]} Qg5
{[%clk 0:01:29]} 34. Qc7 {[%clk 0:00:45]} Kf8 {[%clk 0:00:55]} 35. Rxb7
{[%clk 0:00:56]} Rxb7 {[%clk 0:01:08]} 36. Qxb7 {[%clk 0:01:24]} a5
{[%clk 0:00:42]} 37. g3 {[%clk 0:00:48]} Kg7 {[%clk 0:00:55]} 38. Qc7
{[%clk 0:00:39]} Kg8 {[%clk 0:00:35]} 39. Kg2 {[%clk 0:00:33]} 1-0

[Event "Portugal Open 2018"]
[Site "Lisboa POR"]
[Date "2018.02.06"]
[Round "5.20"]
[White "Galego, Luis"]
[Black "Olcum, Ahmet"]
[Result "1-0"]
[BlackElo "2267"]
[WhiteElo "2481"]
[LiveChessVersion "1.4.8"]

1. d4 {[%clk 1:30:44]} d6 {[%clk 1:30:37]} 2. Nf3 {[%clk 1:28:59]} g6
{[%clk 1:30:29]} 3. e4 {[%clk 1:28:49]} Bg7 {[%clk 1:30:08]} 4. h3
{[%clk 1:26:30]} Nd7 {[%clk 1:28:08]} 5. Bc4 {[%clk 1:24:14]} e6 {[%clk 1:27:46]}
6. O-O {[%clk 1:24:09]} a6 {[%clk 1:27:29]} 7. c3 {[%clk 1:21:38]} Ne7
{[%clk 1:27:11]} 8. Re1 {[%clk 1:21:08]} h6 {[%clk 1:26:57]} 9. a4
{[%clk 1:20:48]} b6 {[%clk 1:26:36]} 10. Nbd2 {[%clk 1:18:40]} Bb7
{[%clk 1:24:44]} 11. Bd3 {[%clk 1:18:29]} O-O {[%clk 1:22:27]} 12. Nf1
{[%clk 1:17:04]} e5 {[%clk 1:05:24]} 13. Bc2 {[%clk 1:07:04]} c5 {[%clk 0:51:49]}
14. dxe5 {[%clk 1:04:38]} dxe5 {[%clk 0:46:52]} 15. Ne3 {[%clk 1:00:03]} Qc7
{[%clk 0:34:07]} 16. Ng4 {[%clk 0:57:57]} g5 {[%clk 0:26:45]} 17. h4
{[%clk 0:51:57]} h5 {[%clk 0:14:47]} 18. Ne3 {[%clk 0:49:29]} g4 {[%clk 0:15:16]}
19. Ng5 {[%clk 0:49:47]} Nf6 {[%clk 0:07:07]} 20. Qe2 {[%clk 0:46:13]} Nh7
{[%clk 0:02:47]} 21. Nxh7 {[%clk 0:44:25]} Kxh7 {[%clk 0:03:16]} 22. f3
{[%clk 0:43:51]} f5 {[%clk 0:01:22]} 23. exf5 {[%clk 0:40:51]} gxf3
{[%clk 0:01:51]} 24. gxf3 {[%clk 0:36:28]} Bf6 {[%clk 0:02:20]} 25. Ng2
{[%clk 0:36:38]} Rg8 {[%clk 0:02:34]} 26. Qe3 {[%clk 0:36:47]} Rxg2+
{[%clk 0:01:47]} 27. Kxg2 {[%clk 0:37:08]} Rg8+ {[%clk 0:01:54]} 28. Kf1
{[%clk 0:37:08]} Rg3 {[%clk 0:00:43]} 29. Qh6+ {[%clk 0:37:14]} Kg8
{[%clk 0:01:12]} 30. Qxf6 {[%clk 0:37:11]} Rxf3+ {[%clk 0:00:48]} 31. Ke2
{[%clk 0:37:12]} Rg3 {[%clk 0:00:41]} 32. Qe6+ {[%clk 0:36:46]} Kh8
{[%clk 0:01:00]} 33. Bg5 {[%clk 0:35:47]} Rg2+ {[%clk 0:00:40]} 34. Kf1
{[%clk 0:34:56]} Ng8 {[%clk 0:00:39]} 35. Bb3 {[%clk 0:33:25]} c4
{[%clk 0:00:41]} 36. Qxc4 {[%clk 0:33:11]} 1-0

[Event "Portugal Open 2018"]
[Site "Lisboa POR"]
[Date "2018.02.06"]
[Round "5.21"]
[White "Risting, Eivind Olav"]
[Black "Nagy, Gabor"]
[Result "0-1"]
[BlackElo "2469"]
[WhiteElo "2308"]
[LiveChessVersion "1.4.8"]

1. d4 {[%clk 1:29:27]} Nf6 {[%clk 1:30:46]} 2. c4 {[%clk 1:29:31]} g6
{[%clk 1:31:05]} 3. Nc3 {[%clk 1:28:50]} Bg7 {[%clk 1:31:25]} 4. e4
{[%clk 1:28:30]} d6 {[%clk 1:31:43]} 5. Nf3 {[%clk 1:28:39]} O-O {[%clk 1:31:58]}
6. Be2 {[%clk 1:28:56]} Nbd7 {[%clk 1:32:07]} 7. O-O {[%clk 1:29:12]} e5
{[%clk 1:32:25]} 8. Be3 {[%clk 1:26:44]} Qe7 {[%clk 1:29:11]} 9. d5
{[%clk 1:14:58]} c5 {[%clk 1:29:21]} 10. dxc6 {[%clk 1:09:33]} bxc6
{[%clk 1:28:53]} 11. Nd2 {[%clk 0:54:30]} Rd8 {[%clk 1:27:20]} 12. Qa4
{[%clk 0:53:13]} Bb7 {[%clk 1:25:28]} 13. Rfd1 {[%clk 0:49:53]} d5
{[%clk 1:18:55]} 14. cxd5 {[%clk 0:49:45]} cxd5 {[%clk 1:19:16]} 15. exd5
{[%clk 0:42:19]} Nb6 {[%clk 1:18:07]} 16. Qa5 {[%clk 0:35:25]} Nfxd5
{[%clk 1:16:47]} 17. Bc5 {[%clk 0:30:24]} Qe6 {[%clk 1:15:34]} 18. Nxd5
{[%clk 0:25:00]} Nxd5 {[%clk 1:12:58]} 19. Nc4 {[%clk 0:21:49]} Bf6
{[%clk 1:11:43]} 20. Bf1 {[%clk 0:13:49]} Nf4 {[%clk 1:11:16]} 21. Ne3
{[%clk 0:12:55]} Rac8 {[%clk 0:57:51]} 22. Ba3 {[%clk 0:08:36]} h5
{[%clk 0:54:38]} 23. Qb4 {[%clk 0:06:51]} Qc6 {[%clk 0:53:23]} 24. Qe1
{[%clk 0:04:56]} Bh4 {[%clk 0:53:07]} 25. Rxd8+ {[%clk 0:01:27]} Rxd8
{[%clk 0:53:23]} 26. h3 {[%clk 0:00:40]} Nxh3+ {[%clk 0:53:28]} 27. Kh2
{[%clk 0:01:07]} Nxf2 {[%clk 0:53:10]} 28. Qb4 {[%clk 0:00:55]} Bg5
{[%clk 0:53:00]} 29. Nc4 {[%clk 0:01:04]} Nd3 {[%clk 0:49:57]} 30. Qb3
{[%clk 0:00:46]} Qe4 {[%clk 0:49:37]} 31. Rd1 {[%clk 0:00:34]} Qh4+
{[%clk 0:49:16]} 32. Kg1 {[%clk 0:00:57]} Qf2+ {[%clk 0:49:15]} 33. Kh1
{[%clk 0:01:10]} Rd4 {[%clk 0:49:32]} 0-1

[Event "Portugal Open 2018"]
[Site "Lisboa POR"]
[Date "2018.02.06"]
[Round "5.22"]
[White "Sandalakis, Angelos"]
[Black "Yuksel, Atilla Koksal"]
[Result "1-0"]
[BlackElo "2248"]
[WhiteElo "2448"]
[LiveChessVersion "1.4.8"]

1. e4 {[%clk 1:30:58]} c5 {[%clk 1:29:48]} 2. Nf3 {[%clk 1:31:22]} Nc6
{[%clk 1:29:52]} 3. d4 {[%clk 1:31:46]} cxd4 {[%clk 1:29:40]} 4. Nxd4
{[%clk 1:32:11]} Nf6 {[%clk 1:29:23]} 5. Nc3 {[%clk 1:32:35]} d6 {[%clk 1:29:23]}
6. Bg5 {[%clk 1:32:58]} e6 {[%clk 1:29:18]} 7. Qd2 {[%clk 1:33:23]} a6
{[%clk 1:29:13]} 8. O-O-O {[%clk 1:33:46]} Bd7 {[%clk 1:29:10]} 9. f3
{[%clk 1:33:49]} Be7 {[%clk 1:28:57]} 10. h4 {[%clk 1:26:16]} h6 {[%clk 1:28:32]}
11. Be3 {[%clk 1:26:27]} h5 {[%clk 1:28:26]} 12. Bg5 {[%clk 1:25:37]} Ne5
{[%clk 1:27:25]} 13. Qe1 {[%clk 1:09:26]} Qc7 {[%clk 1:23:05]} 14. Kb1
{[%clk 1:08:43]} b5 {[%clk 1:20:28]} 15. Bd3 {[%clk 1:01:32]} Rc8
{[%clk 1:16:21]} 16. a3 {[%clk 0:50:29]} Nc4 {[%clk 1:05:42]} 17. Na2
{[%clk 0:47:26]} Ne5 {[%clk 0:56:53]} 18. Qe2 {[%clk 0:44:18]} O-O
{[%clk 0:54:19]} 19. g4 {[%clk 0:35:56]} hxg4 {[%clk 0:51:07]} 20. fxg4
{[%clk 0:36:17]} Bc6 {[%clk 0:49:45]} 21. Rhg1 {[%clk 0:33:46]} g6
{[%clk 0:38:45]} 22. Rdf1 {[%clk 0:26:32]} Nh7 {[%clk 0:32:31]} 23. Bxe7
{[%clk 0:20:46]} Qxe7 {[%clk 0:32:56]} 24. g5 {[%clk 0:21:06]} Bb7
{[%clk 0:31:30]} 25. Nf3 {[%clk 0:21:08]} Rc5 {[%clk 0:28:32]} 26. Nc1
{[%clk 0:20:30]} Nxf3 {[%clk 0:23:36]} 27. Qxf3 {[%clk 0:20:37]} Rf5
{[%clk 0:23:13]} 28. Qe3 {[%clk 0:20:33]} Re5 {[%clk 0:22:56]} 29. Nb3
{[%clk 0:20:14]} f5 {[%clk 0:18:30]} 30. gxf6 {[%clk 0:18:54]} Rxf6
{[%clk 0:18:37]} 31. Rxf6 {[%clk 0:19:07]} Qxf6 {[%clk 0:18:50]} 32. Qd4
{[%clk 0:19:18]} Nf8 {[%clk 0:15:48]} 33. Na5 {[%clk 0:16:52]} Bxe4
{[%clk 0:14:19]} 34. Rf1 {[%clk 0:14:34]} Bd5 {[%clk 0:11:52]} 35. Qg1
{[%clk 0:12:04]} Qg7 {[%clk 0:09:49]} 36. Qb6 {[%clk 0:12:00]} Qe7
{[%clk 0:08:24]} 37. Nc6 {[%clk 0:11:05]} Bxc6 {[%clk 0:08:39]} 38. Qxc6
{[%clk 0:11:33]} a5 {[%clk 0:05:04]} 39. Qa8 {[%clk 0:11:07]} Rh5
{[%clk 0:03:31]} 40. Bxg6 {[%clk 0:10:49]} Rxh4 {[%clk 0:03:56]} 41. Rf7
{[%clk 0:05:18]} Qxf7 {[%clk 0:04:16]} 42. Bxf7+ {[%clk 0:05:45]} Kxf7
{[%clk 0:04:42]} 43. Qf3+ {[%clk 0:06:12]} Ke7 {[%clk 0:03:48]} 44. Qb7+
{[%clk 0:06:27]} Nd7 {[%clk 0:04:10]} 45. Qxb5 {[%clk 0:06:51]} e5
{[%clk 0:03:57]} 46. Qxa5 {[%clk 0:07:20]} Rh1+ {[%clk 0:04:11]} 47. Ka2
{[%clk 0:07:48]} e4 {[%clk 0:04:09]} 48. Qg5+ {[%clk 0:06:36]} Nf6
{[%clk 0:04:34]} 49. a4 {[%clk 0:06:59]} Rh3 {[%clk 0:03:46]} 50. Qg2
{[%clk 0:06:43]} Rh5 {[%clk 0:03:51]} 51. b4 {[%clk 0:06:33]} e3 {[%clk 0:03:19]}
52. a5 {[%clk 0:05:19]} Re5 {[%clk 0:03:45]} 53. a6 {[%clk 0:02:14]} e2
{[%clk 0:04:12]} 54. a7 {[%clk 0:02:24]} e1=Q {[%clk 0:04:13]} 55. Qb7+
{[%clk 0:02:37]} Nd7 {[%clk 0:01:20]} 56. a8=Q {[%clk 0:03:04]} Qf2
{[%clk 0:01:32]} 57. Qac8 {[%clk 0:02:35]} Qf5 {[%clk 0:01:53]} 58. Qbc7
{[%clk 0:02:41]} Qe6+ {[%clk 0:01:47]} 59. Kb2 {[%clk 0:03:07]} 1-0

[Event "Portugal Open 2018"]
[Site "Lisboa POR"]
[Date "2018.02.06"]
[Round "5.23"]
[White "Ortega Amarelle, Mariano"]
[Black "Neves, Pedro"]
[Result "1-0"]
[BlackElo "2242"]
[WhiteElo "2447"]
[LiveChessVersion "1.4.8"]

1. d4 {[%clk 1:30:54]} Nf6 {[%clk 1:18:36]} 2. c4 {[%clk 1:28:41]} g6
{[%clk 1:17:48]} 3. Nc3 {[%clk 1:27:49]} Bg7 {[%clk 1:17:51]} 4. e4
{[%clk 1:28:10]} d6 {[%clk 1:18:15]} 5. Nf3 {[%clk 1:28:18]} O-O {[%clk 1:18:37]}
6. Be2 {[%clk 1:28:43]} Nbd7 {[%clk 1:18:59]} 7. Be3 {[%clk 1:25:22]} e5
{[%clk 1:19:23]} 8. d5 {[%clk 1:25:26]} Qe7 {[%clk 1:09:16]} 9. Nd2
{[%clk 1:21:25]} c5 {[%clk 1:08:38]} 10. g4 {[%clk 1:16:42]} Nxg4
{[%clk 0:55:25]} 11. Bxg4 {[%clk 0:52:36]} f5 {[%clk 0:54:46]} 12. exf5
{[%clk 0:53:00]} gxf5 {[%clk 0:55:10]} 13. Bxf5 {[%clk 0:47:20]} Rxf5
{[%clk 0:55:22]} 14. Nde4 {[%clk 0:47:48]} Nf6 {[%clk 0:23:02]} 15. Bg5
{[%clk 0:31:43]} Bd7 {[%clk 0:03:54]} 16. Rg1 {[%clk 0:29:46]} Kh8
{[%clk 0:03:53]} 17. Qe2 {[%clk 0:29:18]} Qf8 {[%clk 0:03:55]} 18. O-O-O
{[%clk 0:24:50]} Nxe4 {[%clk 0:01:01]} 19. Nxe4 {[%clk 0:25:17]} Be8
{[%clk 0:01:00]} 20. Rd3 {[%clk 0:22:47]} b5 {[%clk 0:01:05]} 21. Rdg3
{[%clk 0:22:52]} bxc4 {[%clk 0:01:03]} 22. Be7 {[%clk 0:21:57]} Qxe7
{[%clk 0:00:42]} 23. Rxg7 {[%clk 0:22:20]} Qxg7 {[%clk 0:00:59]} 24. Rxg7
{[%clk 0:22:43]} Kxg7 {[%clk 0:01:27]} 25. Nxd6 {[%clk 0:21:52]} Rg5
{[%clk 0:01:13]} 26. f4 {[%clk 0:22:15]} Bh5 {[%clk 0:00:51]} 27. Qe3
{[%clk 0:22:41]} exf4 {[%clk 0:00:34]} 28. Qe7+ {[%clk 0:23:05]} Kg6
{[%clk 0:00:41]} 29. Qf7+ {[%clk 0:22:51]} Kh6 {[%clk 0:01:05]} 30. Qf6+ 1-0

[Event "Portugal Open 2018"]
[Site "Lisboa POR"]
[Date "2018.02.06"]
[Round "5.24"]
[White "Injac, Teodora"]
[Black "Cawdery, Daniel"]
[Result "1/2-1/2"]
[BlackElo "2446"]
[WhiteElo "2302"]
[LiveChessVersion "1.4.8"]

1. Nf3 {[%clk 1:30:33]} Nf6 {[%clk 1:30:40]} 2. c4 {[%clk 1:30:39]} c5
{[%clk 1:30:14]} 3. Nc3 {[%clk 1:30:26]} Nc6 {[%clk 1:30:33]} 4. e3
{[%clk 1:30:41]} g6 {[%clk 1:29:43]} 5. d4 {[%clk 1:30:34]} cxd4 {[%clk 1:30:06]}
6. exd4 {[%clk 1:30:59]} d5 {[%clk 1:30:33]} 7. cxd5 {[%clk 1:30:47]} Nxd5
{[%clk 1:30:38]} 8. Qb3 {[%clk 1:30:56]} e6 {[%clk 1:29:36]} 9. Bg5
{[%clk 1:15:45]} Qb6 {[%clk 1:19:34]} 10. Bb5 {[%clk 1:03:13]} Bg7
{[%clk 1:07:47]} 11. Nxd5 {[%clk 0:49:13]} exd5 {[%clk 1:08:05]} 12. Qe3+
{[%clk 0:49:14]} Be6 {[%clk 1:07:30]} 13. Bxc6+ {[%clk 0:48:53]} bxc6
{[%clk 1:07:02]} 14. O-O {[%clk 0:49:11]} O-O {[%clk 1:06:28]} 15. Bh6
{[%clk 0:44:56]} Rfe8 {[%clk 1:05:04]} 16. Bxg7 {[%clk 0:38:16]} Kxg7
{[%clk 1:05:33]} 17. Qc3 {[%clk 0:38:10]} Rab8 {[%clk 1:05:05]} 18. b3
{[%clk 0:37:46]} f6 {[%clk 1:05:05]} 19. Rac1 {[%clk 0:36:51]} Bd7
{[%clk 1:04:39]} 20. Rfe1 {[%clk 0:33:37]} Qb4 {[%clk 1:01:34]} 21. Qxb4
{[%clk 0:23:28]} Rxb4 {[%clk 1:01:59]} 22. Rxe8 {[%clk 0:23:44]} Bxe8
{[%clk 1:02:28]} 23. Rc3 {[%clk 0:22:14]} g5 {[%clk 0:57:13]} 24. a3
{[%clk 0:22:40]} Rb6 {[%clk 0:57:15]} 25. Nd2 {[%clk 0:22:17]} Ra6
{[%clk 0:54:33]} 26. Re3 {[%clk 0:15:23]} Kf8 {[%clk 0:50:16]} 27. b4
{[%clk 0:15:40]} Ra4 {[%clk 0:50:31]} 28. h4 {[%clk 0:03:56]} h6 {[%clk 0:47:25]}
29. Rf3 {[%clk 0:02:43]} Kg7 {[%clk 0:40:32]} 30. Re3 {[%clk 0:03:09]} Bf7
{[%clk 0:30:53]} 31. hxg5 {[%clk 0:02:41]} hxg5 {[%clk 0:31:18]} 32. Kf1
{[%clk 0:03:00]} a5 {[%clk 0:30:00]} 33. Rb3 {[%clk 0:03:19]} axb4
{[%clk 0:30:00]} 34. axb4 {[%clk 0:03:46]} Bg6 {[%clk 0:28:26]} 35. Ke2
{[%clk 0:03:14]} Kf7 {[%clk 0:28:32]} 36. Ke3 {[%clk 0:02:30]} Ke6
{[%clk 0:16:52]} 37. b5 {[%clk 0:02:33]} cxb5 {[%clk 0:16:52]} 38. Rxb5
{[%clk 0:03:00]} Ra3+ {[%clk 0:17:17]} 39. Rb3 {[%clk 0:03:13]} Ra6
{[%clk 0:17:07]} 40. Rc3 {[%clk 0:02:54]} Kf5 {[%clk 0:16:19]} 41. f3
{[%clk 0:02:38]} Ke5 {[%clk 0:14:56]} 42. Ke4+ 1/2-1/2

[Event "Portugal Open 2018"]
[Site "Lisboa POR"]
[Date "2018.02.06"]
[Round "5.25"]
[White "Radovanovic, Mihajlo"]
[Black "Santos, Antonio Pereira"]
[Result "1-0"]
[BlackElo "2228"]
[WhiteElo "2422"]
[LiveChessVersion "1.4.8"]

1. Nf3 {[%clk 1:30:58]} d5 {[%clk 1:14:15]} 2. c4 {[%clk 1:31:11]} c6
{[%clk 1:14:09]} 3. e3 {[%clk 1:29:28]} Nf6 {[%clk 1:14:29]} 4. Nc3
{[%clk 1:29:52]} e6 {[%clk 1:14:40]} 5. d4 {[%clk 1:29:03]} Nbd7 {[%clk 1:14:57]}
6. Bd3 {[%clk 1:29:28]} Bd6 {[%clk 0:57:54]} 7. e4 {[%clk 1:28:48]} dxe4
{[%clk 0:58:08]} 8. Nxe4 {[%clk 1:29:12]} Nxe4 {[%clk 0:58:31]} 9. Bxe4
{[%clk 1:29:37]} Nf6 {[%clk 0:58:38]} 10. Bc2 {[%clk 1:30:01]} Bb4+
{[%clk 0:56:18]} 11. Bd2 {[%clk 1:24:45]} Bxd2+ {[%clk 0:56:37]} 12. Qxd2
{[%clk 1:25:09]} O-O {[%clk 0:56:30]} 13. O-O-O {[%clk 1:21:38]} b6
{[%clk 0:53:25]} 14. Ne5 {[%clk 1:13:50]} Bb7 {[%clk 0:53:36]} 15. Qe3
{[%clk 1:11:29]} Qc7 {[%clk 0:53:42]} 16. g4 {[%clk 1:02:26]} c5 {[%clk 0:29:08]}
17. Rhg1 {[%clk 0:55:16]} Nd7 {[%clk 0:28:45]} 18. Nxd7 {[%clk 0:53:47]} Qxd7
{[%clk 0:29:13]} 19. Rg3 {[%clk 0:53:13]} Rfd8 {[%clk 0:22:21]} 20. Rh3
{[%clk 0:43:07]} cxd4 {[%clk 0:21:26]} 21. Bxh7+ {[%clk 0:43:33]} Kf8
{[%clk 0:21:43]} 22. Qd2 {[%clk 0:43:25]} Bg2 {[%clk 0:13:22]} 23. Rd3
{[%clk 0:39:03]} Qc7 {[%clk 0:10:12]} 24. f3 {[%clk 0:37:44]} Qxc4+
{[%clk 0:02:54]} 25. Kb1 {[%clk 0:38:04]} Rac8 {[%clk 0:03:22]} 26. Be4
{[%clk 0:28:40]} Bh3 {[%clk 0:03:41]} 27. Bb7 {[%clk 0:29:06]} Rc7
{[%clk 0:01:05]} 28. Rc3 {[%clk 0:29:20]} Qxc3 {[%clk 0:01:03]} 29. bxc3
{[%clk 0:29:43]} Rxb7 {[%clk 0:01:26]} 30. Qf4 {[%clk 0:28:26]} 1-0

[Event "Portugal Open 2018"]
[Site "Lisboa POR"]
[Date "2018.02.06"]
[Round "5.26"]
[White "Rego, Pedro"]
[Black "Yurtseven, Melih"]
[Result "1/2-1/2"]
[BlackElo "2415"]
[WhiteElo "2292"]
[LiveChessVersion "1.4.8"]

1. Nf3 {[%clk 1:30:42]} d5 {[%clk 1:27:50]} 2. c4 {[%clk 1:30:49]} d4
{[%clk 1:28:15]} 3. g3 {[%clk 1:27:25]} g6 {[%clk 1:24:49]} 4. b4
{[%clk 1:24:59]} Bg7 {[%clk 1:23:35]} 5. Bb2 {[%clk 1:25:14]} c5 {[%clk 1:23:59]}
6. e3 {[%clk 1:18:40]} e5 {[%clk 1:21:21]} 7. bxc5 {[%clk 1:14:08]} Nc6
{[%clk 1:21:18]} 8. Bg2 {[%clk 1:11:01]} Nf6 {[%clk 1:02:01]} 9. O-O
{[%clk 1:07:43]} O-O {[%clk 1:02:21]} 10. exd4 {[%clk 1:01:12]} e4
{[%clk 0:48:04]} 11. Ng5 {[%clk 0:49:56]} Nxd4 {[%clk 0:48:29]} 12. Nc3
{[%clk 0:49:46]} Bg4 {[%clk 0:48:51]} 13. Qb1 {[%clk 0:25:11]} Nf3+
{[%clk 0:33:46]} 14. Nxf3 {[%clk 0:23:32]} exf3 {[%clk 0:31:42]} 15. Bh1
{[%clk 0:23:53]} Qa5 {[%clk 0:18:36]} 16. Nd5 {[%clk 0:15:16]} Nxd5
{[%clk 0:18:47]} 17. Bxg7 {[%clk 0:14:25]} Nf4 {[%clk 0:15:26]} 18. gxf4
{[%clk 0:14:51]} Kxg7 {[%clk 0:15:53]} 19. Qxb7 {[%clk 0:13:20]} Qxd2
{[%clk 0:05:14]} 20. Bxf3 {[%clk 0:13:03]} Qxf4 {[%clk 0:03:02]} 21. Bg2
{[%clk 0:11:38]} Rac8 {[%clk 0:03:04]} 22. Qe4 {[%clk 0:09:13]} Qxe4
{[%clk 0:02:00]} 23. Bxe4 {[%clk 0:09:41]} Rxc5 {[%clk 0:02:24]} 24. Bd5
{[%clk 0:09:59]} Be2 {[%clk 0:01:59]} 25. Rfe1 {[%clk 0:05:23]} Bxc4
{[%clk 0:02:20]} 26. Rac1 {[%clk 0:05:38]} Rfc8 {[%clk 0:01:14]} 27. Bxc4
{[%clk 0:05:21]} Rxc4 {[%clk 0:01:43]} 28. Rxc4 {[%clk 0:05:46]} Rxc4
{[%clk 0:02:08]} 29. Re3 {[%clk 0:06:08]} Ra4 {[%clk 0:02:08]} 30. a3
{[%clk 0:06:30]} g5 {[%clk 0:00:51]} 31. h3 {[%clk 0:06:27]} Kg6 {[%clk 0:01:11]}
32. Kg2 {[%clk 0:06:52]} f6 {[%clk 0:01:10]} 33. Rb3 {[%clk 0:06:28]} h6
{[%clk 0:01:19]} 34. Rc3 {[%clk 0:06:27]} h5 {[%clk 0:01:23]} 35. Rb3
{[%clk 0:06:37]} h4 {[%clk 0:01:07]} 36. Rc3 {[%clk 0:06:30]} Kf5
{[%clk 0:01:03]} 37. Re3 {[%clk 0:05:37]} Kf4 {[%clk 0:01:18]} 38. Rc3
{[%clk 0:04:57]} Ke4 {[%clk 0:01:14]} 39. Re3+ {[%clk 0:04:02]} Kd5
{[%clk 0:01:38]} 40. Rd3+ {[%clk 0:04:01]} Kc5 {[%clk 0:01:36]} 41. Rb3
{[%clk 0:01:25]} Kc4 {[%clk 0:00:57]} 42. Re3 {[%clk 0:01:35]} Kd5
{[%clk 0:00:47]} 43. Rd3+ {[%clk 0:01:49]} Kc5 {[%clk 0:00:59]} 44. Re3
{[%clk 0:01:55]} Rf4 {[%clk 0:00:52]} 45. Rb3 {[%clk 0:02:04]} a5
{[%clk 0:00:55]} 46. Rb8 {[%clk 0:01:53]} Kc4 {[%clk 0:01:02]} 47. Rb6
{[%clk 0:02:03]} Rf5 {[%clk 0:00:58]} 48. a4 {[%clk 0:02:10]} Kd4
{[%clk 0:01:00]} 49. Rc6 {[%clk 0:01:14]} Kd5 {[%clk 0:00:59]} 50. Ra6
{[%clk 0:01:32]} Ke4 {[%clk 0:00:43]} 51. Rc6 {[%clk 0:00:56]} Kd4
{[%clk 0:00:54]} 52. Ra6 {[%clk 0:01:05]} Kc3 {[%clk 0:00:57]} 53. Rb6
{[%clk 0:01:25]} Kc4 {[%clk 0:00:47]} 54. Rb7 {[%clk 0:01:16]} Rc5
{[%clk 0:00:33]} 55. Rb6 {[%clk 0:01:39]} Rf5 {[%clk 0:00:47]} 56. Rb7
{[%clk 0:01:59]} Kc3 {[%clk 0:00:57]} 57. Rb5 {[%clk 0:01:38]} Re5
{[%clk 0:01:25]} 58. Rb6 {[%clk 0:01:42]} f5 {[%clk 0:01:35]} 59. Rb5
{[%clk 0:01:45]} Kd4 {[%clk 0:01:58]} 60. Rb8 {[%clk 0:02:06]} Ke4
{[%clk 0:01:27]} 61. Rb6 {[%clk 0:01:23]} Kf4 {[%clk 0:01:43]} 62. Ra6
{[%clk 0:01:32]} Rc5 {[%clk 0:01:11]} 63. Ra8 {[%clk 0:01:54]} Ke4
{[%clk 0:00:51]} 64. Re8+ {[%clk 0:01:45]} Kf4 {[%clk 0:01:08]} 65. Ra8
{[%clk 0:02:09]} g4 {[%clk 0:00:45]} 66. hxg4 {[%clk 0:02:17]} fxg4
{[%clk 0:01:07]} 67. Rf8+ {[%clk 0:02:09]} Rf5 {[%clk 0:01:35]} 68. Re8
{[%clk 0:02:14]} h3+ {[%clk 0:01:25]} 69. Kg1 {[%clk 0:02:28]} Re5
{[%clk 0:01:14]} 70. Rf8+ {[%clk 0:02:41]} Ke4 {[%clk 0:01:24]} 71. Rg8
{[%clk 0:02:42]} Kf3 {[%clk 0:01:35]} 72. Rf8+ {[%clk 0:03:10]} Ke2
{[%clk 0:01:34]} 73. Rf4 {[%clk 0:03:17]} Rg5 {[%clk 0:01:36]} 74. Kh2
{[%clk 0:02:07]} Kd3 {[%clk 0:01:44]} 75. Kg3 {[%clk 0:00:55]} Kc3
{[%clk 0:01:43]} 76. Kh2 {[%clk 0:00:49]} Kb3 {[%clk 0:00:53]} 77. Kg3
{[%clk 0:01:03]} Ka3 {[%clk 0:00:46]} 78. Kh2 {[%clk 0:01:24]} Rg8
{[%clk 0:00:46]} 79. Kg3 {[%clk 0:01:41]} Rg7 {[%clk 0:01:15]} 80. Kh2
{[%clk 0:02:03]} Rg6 {[%clk 0:01:40]} 81. Kg3 {[%clk 0:02:26]} Kb3
{[%clk 0:01:12]} 82. Kh2 {[%clk 0:02:51]} Rg7 {[%clk 0:01:33]} 83. Kg3
{[%clk 0:03:13]} Rh7 {[%clk 0:01:08]} 84. Kh2 {[%clk 0:03:30]} Rh4
{[%clk 0:01:30]} 85. Kh1 {[%clk 0:02:24]} h2 {[%clk 0:01:45]} 86. f3
{[%clk 0:02:41]} Kc3 {[%clk 0:00:48]} 1/2-1/2